000 00605nam a2200205Ia 4500
003 GCL
008 140319s9999 xx 000 0 ara d
040 _aGCL /
_cGCL
082 0 4 _a928.24
_bر س
100 1 _aرمسيس عوض
245 1 0 _aس . ب . سنو والثورة العلمية /
_cرمسيس عوض
260 _a[S.N] :
_bالهيئة المصرية العامة للكتاب ،
_c1981
490 _a
650 0 4 _aالعلم
650 0 4 _aالتراجم
650 0 4 _aالادباء
650 0 4 _aالعلم والعلماء
650 0 4 _aالادب والعلم
942 _2ddc
_cBK
999 _c27721
_d27721